Statistics for The Sims Characters

Click here to take the quiz!

General Stats

  • This quiz has been taken 103 times
  • The average score is 13 of 52

Answer Stats

Answer% Correct
Bella Goth
94%
Mortimer Goth
87%
Alexander Goth
83%
Cassandra Goth
82%
Nancy Landgraab
66%
Don Lothario
65%
Nina Caliente
64%
Bob Pancakes
63%
Eliza Pancakes
63%
Dina Caliente
60%
Geoffrey Landgraab
60%
Malcolm Landgraab
60%
Johnny Zest
53%
Katrina Caliente
42%
Summer Holiday
41%
Travis Scott
39%
Liberty Lee
33%
Alice Spencer-Kim
29%
Iggy Pancakes
29%
J Huntington III
27%
Eric Lewis
25%
Olivia Kim-Lewis
25%
Vivian Lewis
24%
Zoe Patel
24%
Dennis Kim
22%
Jasmine Holiday
14%
Gavin Richards
10%
Mitchell Kalani
8%
Babs L'Amour
6%
Cassidy Purdue
5%
Ollie Purdue
5%
Amber Stein
1%
Armand DiAggro
1%
Bjorn Tu'Rock
1%
Gladys Morse
1%
June Kay
1%
Kai Kahue
1%
Laney Voom
1%
Princess Cordelia
1%
Vernon Morse
1%
Andre DaSilva
0%
Chuck Cenzo
0%
Elle Canon
0%
Errol Dowd
0%
George Rivers
0%
Lacey Stiles
0%
Maggie Bennett
0%
Sean Sullivan
0%
Seth Pinkerton
0%
Sophia Jordan
0%
Steve Fogel
0%
Wilson Luchador
0%

Score Distribution

Percentile by Number Answered

Percent of People with Each Score

Your Score History

You have not taken this quiz